Carbon sequestration potential of forest vegetation in China from 2003 to 2050: Predicting forest vegetation growth based on climate and the environment (Record no. 55176)

MARC details
000 -LEADER
fixed length control field 00642nam a2200205Ia 4500
100 ## - MAIN ENTRY--AUTHOR NAME
Personal name Qiu Z
245 #0 - TITLE STATEMENT
Title Carbon sequestration potential of forest vegetation in China from 2003 to 2050: Predicting forest vegetation growth based on climate and the environment
260 ## - PUBLICATION, DISTRIBUTION, ETC. (IMPRINT)
Name of publisher Journal of Cleaner Production
Year of publication 2020
500 ## - GENERAL NOTE
General note Source Year: 2020
650 ## - SUBJECT ADDED ENTRY--TOPICAL TERM
Topical Term Carbon sequestration
650 ## - SUBJECT ADDED ENTRY--TOPICAL TERM
Topical Term China
650 ## - SUBJECT ADDED ENTRY--TOPICAL TERM
Topical Term Forest vegetation
700 ## - ADDED ENTRY--PERSONAL NAME
Personal name Feng Z
700 ## - ADDED ENTRY--PERSONAL NAME
Personal name Li M
700 ## - ADDED ENTRY--PERSONAL NAME
Personal name Song Y
700 ## - ADDED ENTRY--PERSONAL NAME
Personal name Zhang P
856 ## - ELECTRONIC LOCATION AND ACCESS
Uniform Resource Identifier doi.org/10.1016/j.jclepro.2019.119715
942 ## - ADDED ENTRY ELEMENTS (KOHA)
Koha item type Journals
Holdings
Withdrawn status Lost status Damaged status Not for loan Home library Current library Shelving location Date acquired Serial Enumeration / chronology Koha item type
      Journals RRII Library RRII Library Climate change 17/12/2021 Volume 252, Issue Journals